|
|
|
|
| LEADER |
00000naa2a2200000 4500 |
| 001 |
251744 |
| 005 |
20250415063330.0 |
| 035 |
|
|
|a (RuTPU)RU\TPU\book\274053
|
| 035 |
|
|
|a RU\TPU\book\273790
|
| 090 |
|
|
|a 251744
|
| 100 |
|
|
|a 20140224d1989 k y0rusy50 ca
|
| 101 |
0 |
|
|a rus
|
| 102 |
|
|
|a RU
|
| 200 |
1 |
|
|a Косвенный потенциометрический способ определения фосфат-ионов с помощью кальцийселективного электрода
|f В. Н. Вражнова [и др.]
|
| 463 |
|
0 |
|0 (RuTPU)RU\TPU\book\270153
|t Электрохимические методы анализа
|o тезисы III Всесоюзной конференции по электрохимическим методам анализа
|v С. 300
|d 1989
|p 482 с.
|
| 610 |
1 |
|
|a фосфаты
|
| 610 |
1 |
|
|a ионы
|
| 610 |
1 |
|
|a электроды
|
| 610 |
1 |
|
|a труды учёных ТПУ
|
| 701 |
|
1 |
|a Вражнова
|b В. Н.
|
| 701 |
|
1 |
|a Гермаш
|b Г. П.
|
| 701 |
|
1 |
|a Карелин
|b В. А.
|c химик
|c профессор Томского политехнического университета, доктор технических наук
|f 1960-2024
|g Владимир Александрович
|y Томск
|3 (RuTPU)RU\TPU\pers\30229
|9 14609
|
| 701 |
|
1 |
|a Квадяева
|b Г. И.
|
| 801 |
|
1 |
|a RU
|b 63413507
|c 20050721
|g PSBO
|
| 801 |
|
2 |
|a RU
|b 63413507
|c 20140224
|g PSBO
|
| 942 |
|
|
|c BK
|